000 00375nam a22001577a 4500
999 _c10353
_d10353
003 OSt
008 210112b ||||| |||| 00| 0 eng d
020 _a9788123755434
100 _aMATHUR, S. M.
245 _aAdventures in Geography
250 _a1st Ed
260 _aNew Delhi
_bNational Book Trust India
_c2015
300 _a132
650 _aGENERAL
942 _2ddc
_cREF